000 00768nam a2200229Ii 4500
003 JO-AjNU
008 230605s9999||||xx |||||||||||||| ||und||
017 _a92/1889
040 _aJO-AjNU
_bara
_erda
_cJO-AjNU
041 _aara
050 1 4 _aLC71.2.D59 1992
100 3 _aزاهر،ضياء الدين,
_eauthor
_910270
245 0 0 _aالتخطيط الشبكي للبرامج والمشروعات التعليمية:دراسات في التربية 2
250 _aط1
264 3 1 _aالكويت:دار سعاد الصباح،1992
300 _a249ص
336 _atext
_btxt
_2rdacontent
337 _aunmediated
_bn
_2rdamedia
338 _avolume
_bnc
_2rdacarrier
490 0 _aدراسات في التربية 2
650 4 _aتخطيط تربوي
_910271
999 _aA1721
_c5289
_d5289